=LDR 00000nam 2200000 4500 =001 INLIS000000000026610 =005 20130612125036 =008 ***********************************Ind** =035 ##$$0010-061300000026610 =041 ##$$a Ind =082 ##$$a 330 =090 ##$$a 330, Sub s =100 ##$$a Subandi =245 ##$$a Sistem ekonomi indonesia, Subandi ; Editor, Ridwan =260 ##$$a 2007 $b Bandung =300 ##$$a Viii, 126 hlm, 23 cm =650 ##$$a Ekonomi =700 ##$$a Ridwan =850 ##$$a NBPNMAT =990 ##$$a 21197011/BPAP-NTB/2014 =990 ##$$a 0001/BPAP-NTB/20142015